Top 10 des jeux les plus vendus au monde - Statistiques

Statistiques générales
  • Ce quiz a été pris 150 fois
  • Le résultat moyen est 3 sur 10
Statistiques - réponses
Rang Nom du jeu % Correct
2 Grand Theft Auto V
76%
1 Minecraft
75%
6 Mario Kart 8 / Deluxe
59%
10 Pokémon Rouge...
30%
3 Tetris
28%
7 Red Dead Redemption II
22%
4 Wii Sports
20%
5 PUBG: Battlegrounds
7%
9 The Witcher 3: Wild Hunt
6%
8 Terraria
3%
Aucun quiz correspondant
Distribution des résultats
% des personnes avec chaque résultat
Percentile par nombre de réponses
Votre historique - résultats
Vous n’avez pas pris ce quiz